[Event "Liga Madrileña - DH 2015-2016"]
[Site "Madrid ESP"]
[Date "2016.02.07"]
[Round "9.46"]
[White "Plazuelo Pascual, Juan"]
[Black "Ortega Ruiz, Jose Miguel"]
[Result "1-0"]
[WhiteElo "2351"]
[BlackElo "2288"]
[PlyCount "63"]
[EventDate "2015.11.22"]
[EventType "team-tourn"]
[EventRounds "14"]
[EventCountry "ESP"]
[Source "lmi"]
[SourceDate "2015.11.22"]
[WhiteTeam "Virgen de Atocha"]
[BlackTeam "Collado Villalba"]
[WhiteTeamCountry "ESP"]
[BlackTeamCountry "ESP"]

1. d4 g6 2. c4 Bg7 3. e4 d6 4. Nc3 Nf6 5. f3 O-O 6. Be3 e5 7. Nge2 exd4 8. Nxd4
c6 9. Be2 Re8 10. Qd2 d5 11. exd5 cxd5 12. O-O dxc4 13. Rad1 Nbd7 14. Ndb5 Bf8
15. Bf2 a6 16. Nd6 Re6 17. Nxf7 Kxf7 18. Bxc4 Qc7 19. Bxe6+ Kxe6 20. Ne4 Kf7
21. Ng5+ Kg8 22. Ne6 Qc4 23. Rfe1 b6 24. Nxf8 Kxf8 25. Qd6+ Kg8 26. Re6 Qc2 27.
Bh4 Qc5+ 28. Qxc5 bxc5 29. Bxf6 Kf7 30. Rdd6 Nxf6 31. Rxf6+ Ke7 32. Rb6 1-0

[Event "Liga Madrileña - DH 2015-2016"]
[Site "Madrid ESP"]
[Date "2016.02.14"]
[Round "10.11"]
[White "Candela Perez, Jose"]
[Black "Moreno Trujillo, Alejandro"]
[Result "1/2-1/2"]
[WhiteElo "2412"]
[BlackElo "2504"]
[PlyCount "177"]
[EventDate "2015.11.22"]
[EventType "team-tourn"]
[EventRounds "14"]
[EventCountry "ESP"]
[Source "lmi"]
[SourceDate "2015.11.22"]
[WhiteTeam "La Casa del Ajedrez"]
[BlackTeam "64 Villalba"]
[WhiteTeamCountry "ESP"]
[BlackTeamCountry "ESP"]

1. d4 Nf6 2. c4 e6 3. Nf3 d5 4. Nc3 dxc4 5. e3 a6 6. a4 b6 7. Bxc4 Bb7 8. O-O
c5 9. dxc5 Qxd1 10. Rxd1 Bxc5 11. Ne5 Nc6 12. Nxc6 Bxc6 13. b3 Bb7 14. Ba3 Bxa3
15. Rxa3 Ke7 16. f3 Rhd8 17. Raa1 Nd7 18. Kf2 Rac8 19. Rac1 Ne5 20. Rxd8 Rxd8
21. Be2 Nd3+ 22. Bxd3 Rxd3 23. Ke2 Rd6 24. Na2 Kd7 25. Rd1 a5 26. Rxd6+ Kxd6
27. Nc1 e5 28. Kd2 g5 29. e4 g4 30. Nd3 gxf3 31. gxf3 Ba6 32. Ke3 Bc8 33. Kd2
Bh3 34. Nf2 Bd7 35. Nd3 f6 36. Kc3 Bh3 37. Kd2 Bg2 38. Ne1 Bh3 39. Nd3 Bd7 40.
Ne1 Be8 41. Nd3 Bh5 42. Ne1 Ke6 43. Ke3 Kd6 44. Kd2 Ke7 45. Kc3 Kd7 46. Kd2 Kc6
47. Kc3 b5 48. axb5+ Kxb5 49. Kb2 Kc6 50. Kc3 Kd6 51. Kc4 Bf7+ 52. Kc3 Ke6 53.
b4 axb4+ 54. Kxb4 f5 55. Kc3 f4 56. Kd2 Kd6 57. Ke2 Kc5 58. Kf2 Kd4 59. Nc2+
Kc3 60. Ne1 Be6 61. Ng2 Kd4 62. Nh4 Bh3 63. Nf5+ Bxf5 64. exf5 Kd5 65. Ke2 Kd6
66. Kd2 Ke7 67. Kd3 Kf7 68. Kc3 Kf6 69. Kc4 Kxf5 70. Kd5 Kf6 71. Kd6 Kf5 72.
Kd5 h5 73. h4 e4 74. fxe4+ Kg4 75. e5 f3 76. e6 f2 77. e7 f1=Q 78. e8=Q Qd3+
79. Kc5 Qf5+ 80. Kd4 Kxh4 81. Qe1+ Kg5 82. Qe3+ Kg4 83. Qg1+ Kh4 84. Qe1+ Kg5
85. Qe3+ Qf4+ 86. Kd3 Kg4 87. Qxf4+ Kxf4 88. Ke2 Kg3 89. Kf1 1/2-1/2

[Event "Liga Madrileña - DH 2015-2016"]
[Site "Madrid ESP"]
[Date "2016.02.14"]
[Round "10.12"]
[White "Perez Mitjans, Orelvis"]
[Black "Gallego Jimenez, Victoriano"]
[Result "1-0"]
[WhiteElo "2478"]
[BlackElo "2362"]
[PlyCount "77"]
[EventDate "2015.11.22"]
[EventType "team-tourn"]
[EventRounds "14"]
[EventCountry "ESP"]
[Source "lmi"]
[SourceDate "2015.11.22"]
[WhiteTeam "64 Villalba"]
[BlackTeam "La Casa del Ajedrez"]
[WhiteTeamCountry "ESP"]
[BlackTeamCountry "ESP"]

1. e4 c5 2. Nf3 Nc6 3. Bb5 d6 4. O-O Bd7 5. Re1 a6 6. Bxc6 Bxc6 7. d4 cxd4 8.
Nxd4 e6 9. c4 Be7 10. Nc3 Nf6 11. b3 O-O 12. Bb2 Nd7 13. Re3 Rc8 14. Rh3 Nf6
15. Qe2 Bd7 16. Rd1 Qa5 17. f4 e5 18. Nf5 Bxf5 19. exf5 Rfe8 20. fxe5 dxe5 21.
g4 h6 22. g5 hxg5 23. Nd5 g4 24. Rg3 Qc5+ 25. Kf1 Rcd8 26. b4 Qc8 27. Kg1 Nxd5
28. Qxg4 Bf6 29. cxd5 Qc7 30. Rh3 Qb6+ 31. Kh1 Kf8 32. b5 Ke7 33. Qc4 Rh8 34.
d6+ Kd7 35. Qxf7+ Kc8 36. d7+ Kb8 37. Rxh8 Rxh8 38. Qe8+ Ka7 39. Qxh8 1-0

[Event "Liga Madrileña - DH 2015-2016"]
[Site "Madrid ESP"]
[Date "2016.02.14"]
[Round "10.14"]
[White "Fernandez de Bobadilla Osorio, Gabriel"]
[Black "Suarez Uriel, Adrian"]
[Result "0-1"]
[WhiteElo "2260"]
[BlackElo "2278"]
[PlyCount "84"]
[EventDate "2015.11.22"]
[EventType "team-tourn"]
[EventRounds "14"]
[EventCountry "ESP"]
[Source "lmi"]
[SourceDate "2015.11.22"]
[WhiteTeam "64 Villalba"]
[BlackTeam "La Casa del Ajedrez"]
[WhiteTeamCountry "ESP"]
[BlackTeamCountry "ESP"]

1. d4 Nf6 2. c4 g6 3. Nc3 d5 4. cxd5 Nxd5 5. e4 Nxc3 6. bxc3 Bg7 7. Qa4+ Nd7 8.
Nf3 O-O 9. Bg5 c5 10. Rc1 Qc7 11. Be2 h6 12. Be3 Nf6 13. Bd3 a6 14. d5 c4 15.
Bc2 Ng4 16. Bd4 e5 17. dxe6 Bxe6 18. h3 Ne5 19. Nxe5 Bxe5 20. O-O Bf4 21. Rcd1
Qe7 22. Rfe1 b5 23. Qb4 Bd6 24. Qb1 Qg5 25. Be3 Bf4 26. Bxf4 Qxf4 27. Rd4 Rfd8
28. Red1 Rxd4 29. Rxd4 Kg7 30. Qd1 a5 31. g3 Qc7 32. Kh2 h5 33. h4 b4 34. f4
Bg4 35. Qd2 Rb8 36. f5 b3 37. axb3 cxb3 38. Bb1 Rc8 39. c4 Qc5 40. Rd5 Qxc4 41.
Rxa5 Qf1 42. f6+ Kh7 0-1

[Event "Liga Madrileña - DH 2015-2016"]
[Site "Madrid ESP"]
[Date "2016.02.14"]
[Round "10.15"]
[White "Gil Quilez, David"]
[Black "Cabanas Jimenez, Andres"]
[Result "1/2-1/2"]
[WhiteElo "2192"]
[BlackElo "2245"]
[PlyCount "60"]
[EventDate "2015.11.22"]
[EventType "team-tourn"]
[EventRounds "14"]
[EventCountry "ESP"]
[Source "lmi"]
[SourceDate "2015.11.22"]
[WhiteTeam "La Casa del Ajedrez"]
[BlackTeam "64 Villalba"]
[WhiteTeamCountry "ESP"]
[BlackTeamCountry "ESP"]

1. e4 c5 2. Nf3 e6 3. d4 cxd4 4. Nxd4 Nc6 5. Nc3 d6 6. Be2 Nf6 7. O-O Be7 8.
Be3 a6 9. f4 Qc7 10. Qe1 O-O 11. Nb3 b5 12. a3 Bb7 13. h3 b4 14. axb4 Nxb4 15.
Bd3 d5 16. e5 Ne4 17. Bxe4 dxe4 18. Qf2 Nd5 19. Nxd5 Bxd5 20. Nd4 Rfc8 21. Rfd1
Bc5 22. c3 Bc4 23. Ne2 Be7 24. Rd2 Rab8 25. Bd4 g6 26. Qe3 Qb7 27. Ng3 Bd5 28.
Re2 Bc4 29. Rd2 Bd5 30. Re2 Bc4 1/2-1/2

[Event "Liga Madrileña - DH 2015-2016"]
[Site "Madrid ESP"]
[Date "2016.02.14"]
[Round "10.16"]
[White "Hapala, Elisabeth"]
[Black "Madina Yadarola, Martin"]
[Result "1-0"]
[WhiteElo "2126"]
[BlackElo "2237"]
[PlyCount "145"]
[EventDate "2015.11.22"]
[EventType "team-tourn"]
[EventRounds "14"]
[EventCountry "ESP"]
[Source "lmi"]
[SourceDate "2015.11.22"]
[WhiteTeam "64 Villalba"]
[BlackTeam "La Casa del Ajedrez"]
[WhiteTeamCountry "ESP"]
[BlackTeamCountry "ESP"]

1. e4 g6 2. d4 d6 3. Nc3 c6 4. f4 d5 5. e5 Nh6 6. Be2 Qb6 7. a3 Nf5 8. Nf3 h5
9. O-O h4 10. Na4 Qc7 11. Bd2 b6 12. Rc1 Be6 13. b4 Nd7 14. Nb2 Bh6 15. c4 Qb7
16. Bd3 dxc4 17. Bxc4 Bxc4 18. Nxc4 Nf8 19. Qe1 Bg7 20. Qe4 Qd7 21. Ne3 Nxe3
22. Bxe3 Qd5 23. Nd2 Kd7 24. f5 Qxe4 25. Nxe4 Nh7 26. fxg6 fxg6 27. Rf7 Rhg8
28. Ng5 Ke8 29. e6 Bxd4 30. Bxd4 Nxg5 31. Rf2 Nxe6 32. Be3 Rc8 33. Re2 g5 34.
Rec2 Rg6 35. Rc4 Kd7 36. Re4 Rf8 37. Rd1+ Ke8 38. Re1 Kf7 39. Rf1+ Rf6 40. Rc1
Ke8 41. h3 Nf4 42. Bd4 Re6 43. Rxe6 Nxe6 44. Be3 Kd7 45. Rd1+ Kc7 46. Re1 Kd6
47. Rd1+ Ke5 48. Re1 Kd5 49. Rd1+ Kc4 50. Re1 Rf6 51. Rc1+ Kb5 52. Re1 Rg6 53.
Kf2 Nc7 54. Kf3 Nd5 55. Bd2 Ka4 56. Bc1 e6 57. Re5 Nf4 58. Kg4 Nxg2 59. Bxg5
Kxa3 60. Re2 Kxb4 61. Rxg2 a5 62. Rb2+ Kc5 63. Kh5 Rg8 64. Be3+ Kd5 65. Bxb6
Rh8+ 66. Kg4 a4 67. Re2 Re8 68. Kxh4 a3 69. Kg3 Kc4 70. h4 Kb3 71. Re1 e5 72.
h5 Rh8 73. Rxe5 1-0

[Event "Liga Madrileña - DH 2015-2016"]
[Site "Madrid ESP"]
[Date "2016.02.14"]
[Round "10.21"]
[White "Rubio Mejia, Luis Ignacio"]
[Black "Bolado Saez, Sergio"]
[Result "1/2-1/2"]
[WhiteElo "2457"]
[BlackElo "2359"]
[PlyCount "98"]
[EventDate "2015.11.22"]
[EventType "team-tourn"]
[EventRounds "14"]
[EventCountry "ESP"]
[Source "lmi"]
[SourceDate "2015.11.22"]
[WhiteTeam "Virgen de Atocha"]
[BlackTeam "Blanco y Negro"]
[WhiteTeamCountry "ESP"]
[BlackTeamCountry "ESP"]

1. d4 d5 2. c4 c6 3. Nf3 Nf6 4. e3 e6 5. Nbd2 Nbd7 6. b3 Bd6 7. Bb2 O-O 8. Bd3
b6 9. O-O Bb7 10. Qe2 Qe7 11. Ne5 c5 12. cxd5 exd5 13. f4 a6 14. a4 Rfe8 15. g4
cxd4 16. exd4 g6 17. g5 Nh5 18. Qg4 Nxe5 19. fxe5 Bb4 20. Qg2 Rac8 21. Rf3 Bc3
22. Bxc3 Rxc3 23. Raf1 Rf8 24. h4 Ng7 25. Qf2 Ne6 26. Be2 Rxf3 27. Nxf3 Qb4 28.
Bd1 a5 29. Qe1 Rc8 30. Qxb4 axb4 31. Rf2 Rc3 32. Rd2 Ba6 33. Kf2 Bd3 34. Ra2
Bb1 35. Rb2 Be4 36. Rd2 Nf4 37. Ng1 Nh3+ 38. Nxh3 Rxh3 39. Kg1 Rh1+ 40. Kf2
Rh2+ 41. Ke3 Rxh4 42. Bc2 Rh3+ 43. Kf4 Bh1 44. e6 fxe6 45. Ke5 Kf7 46. Kd6 Be4
47. Bxe4 dxe4 48. Re2 Rxb3 49. Rxe4 Ra3 1/2-1/2

[Event "Liga Madrileña - DH 2015-2016"]
[Site "Madrid ESP"]
[Date "2016.02.14"]
[Round "10.22"]
[White "Martinez Reyes, Pedro Ramon"]
[Black "Almagro Llamas, Pablo"]
[Result "1/2-1/2"]
[WhiteElo "2429"]
[BlackElo "2338"]
[PlyCount "35"]
[EventDate "2015.11.22"]
[EventType "team-tourn"]
[EventRounds "14"]
[EventCountry "ESP"]
[Source "lmi"]
[SourceDate "2015.11.22"]
[WhiteTeam "Blanco y Negro"]
[BlackTeam "Virgen de Atocha"]
[WhiteTeamCountry "ESP"]
[BlackTeamCountry "ESP"]

1. e4 c5 2. Nf3 d6 3. Bb5+ Bd7 4. Bxd7+ Qxd7 5. O-O Nc6 6. c3 Nf6 7. d4 cxd4 8.
cxd4 Nxe4 9. d5 Ne5 10. Re1 Nc5 11. Nxe5 dxe5 12. Rxe5 f6 13. Re1 e5 14. dxe6
Qxd1 15. Rxd1 Nxe6 16. Be3 Be7 17. Nc3 a6 18. Kf1 1/2-1/2

[Event "Liga Madrileña - DH 2015-2016"]
[Site "Madrid ESP"]
[Date "2016.02.14"]
[Round "10.23"]
[White "Espinosa Aranda, Angel"]
[Black "Alarcia Astiz, Carlos"]
[Result "1/2-1/2"]
[WhiteElo "2401"]
[BlackElo "2337"]
[PlyCount "49"]
[EventDate "2015.11.22"]
[EventType "team-tourn"]
[EventRounds "14"]
[EventCountry "ESP"]
[Source "lmi"]
[SourceDate "2015.11.22"]
[WhiteTeam "Virgen de Atocha"]
[BlackTeam "Blanco y Negro"]
[WhiteTeamCountry "ESP"]
[BlackTeamCountry "ESP"]

1. c4 e5 2. Nc3 d6 3. Nf3 Nd7 4. d4 Ngf6 5. g3 g6 6. Bg2 Bg7 7. O-O O-O 8. h3
Re8 9. e4 exd4 10. Nxd4 Nc5 11. Re1 a5 12. Bf4 Ne6 13. Be3 Nxd4 14. Bxd4 Be6
15. c5 dxc5 16. Bxc5 Qxd1 17. Raxd1 Nd7 18. Be3 c6 19. f4 Red8 20. e5 Bf8 21.
Ne4 Bd5 22. Kf2 Bb4 23. Rh1 Be7 24. a3 a4 25. h4 1/2-1/2

[Event "Liga Madrileña - DH 2015-2016"]
[Site "Madrid ESP"]
[Date "2016.02.14"]
[Round "10.24"]
[White "Renteria Becerra, Jorge Elicer"]
[Black "Plazuelo Pascual, Juan"]
[Result "1/2-1/2"]
[WhiteElo "2244"]
[BlackElo "2351"]
[PlyCount "122"]
[EventDate "2015.11.22"]
[EventType "team-tourn"]
[EventRounds "14"]
[EventCountry "ESP"]
[Source "lmi"]
[SourceDate "2015.11.22"]
[WhiteTeam "Blanco y Negro"]
[BlackTeam "Virgen de Atocha"]
[WhiteTeamCountry "ESP"]
[BlackTeamCountry "ESP"]

1. e4 e6 2. d4 d5 3. Nd2 Be7 4. c3 c5 5. dxc5 Nf6 6. exd5 Qxd5 7. Nb3 Qxd1+ 8.
Kxd1 Nbd7 9. Bb5 a6 10. Bxd7+ Bxd7 11. Be3 Ng4 12. Ke2 Bb5+ 13. Kf3 Nxe3 14.
Kxe3 a5 15. Nf3 a4 16. Nbd4 Bd7 17. Nd2 e5 18. N4f3 Bxc5+ 19. Ke2 f6 20. b4
axb3 21. axb3 O-O 22. Ne4 Be7 23. Ke3 Bc6 24. g4 g6 25. Rhd1 b5 26. h3 h6 27.
c4 b4 28. Ne1 f5 29. Rxa8 Rxa8 30. gxf5 gxf5 31. Nd2 f4+ 32. Ke2 e4 33. Nc2 Bc5
34. Rg1+ Kh7 35. Rg4 Ra2 36. Kd1 Bd6 37. Rg1 Bc5 38. Rg4 Bd6 39. Rg1 e3 40.
fxe3 fxe3 41. c5 Bxc5 42. Rg4 Rxc2 43. Kxc2 e2 44. Ne4 e1=N+ 45. Kd1 Bxe4 46.
Rxe4 Nf3 47. Rc4 Bd6 48. Rc6 Be5 49. Rb6 Bc3 50. Ke2 Nd4+ 51. Ke3 Nxb3 52. Ke4
Nd2+ 53. Kd3 Nf3 54. Ke4 Nd2+ 55. Kd3 Nf3 56. Kc4 Nd2+ 57. Kd3 Kg7 58. h4 Nf3
59. h5 Nd4 60. Rg6+ Kh7 61. Rb6 Nf5 1/2-1/2

[Event "Liga Madrileña - DH 2015-2016"]
[Site "Madrid ESP"]
[Date "2016.02.14"]
[Round "10.25"]
[White "Vazquez Torres, Adrian"]
[Black "Iagar, Razvan Gabriel"]
[Result "1/2-1/2"]
[WhiteElo "2205"]
[BlackElo "2150"]
[PlyCount "142"]
[EventDate "2015.11.22"]
[EventType "team-tourn"]
[EventRounds "14"]
[EventCountry "ESP"]
[Source "lmi"]
[SourceDate "2015.11.22"]
[WhiteTeam "Virgen de Atocha"]
[BlackTeam "Blanco y Negro"]
[WhiteTeamCountry "ESP"]
[BlackTeamCountry "ESP"]

1. e4 e6 2. b3 d5 3. Bb2 dxe4 4. Nc3 Nf6 5. g4 h6 6. Bg2 Bd7 7. Qe2 Bc6 8. Nxe4
Nxe4 9. Bxe4 Bxe4 10. Qxe4 Qd5 11. Qxd5 exd5 12. O-O-O f6 13. h4 Bc5 14. Nh3
Kf7 15. g5 hxg5 16. hxg5 Nc6 17. f4 Nd4 18. f5 Nxf5 19. gxf6 gxf6 20. Rdf1 Nd4
21. Kd1 Rag8 22. b4 Bb6 23. d3 Rg4 24. Ng5+ Kg8 25. Rxh8+ Kxh8 26. Nf7+ Kg7 27.
Nd8 c5 28. Bxd4 Bxd8 29. Bxc5 a6 30. Rf5 Rg5 31. Rf2 Kf7 32. Be3 Rg4 33. c3 Ke6
34. Ke2 Bc7 35. Kd2 Be5 36. Re2 Kd7 37. a4 d4 38. Bxd4 Bxd4 39. cxd4 Rxd4 40.
Kc3 Rh4 41. Rg2 Kc6 42. Rf2 Rh6 43. Rf5 b6 44. Kc4 Rh4+ 45. Kc3 Rh6 46. d4 Rh3+
47. Kc4 Rh6 48. Rd5 Rh1 49. b5+ axb5+ 50. axb5+ Kc7 51. Rf5 Rh6 52. Rf3 Kd6 53.
Rf4 Rg6 54. d5 Ke5 55. Rd4 f5 56. Rd2 Rg4+ 57. Kc3 Kd6 58. Rf2 f4 59. Kd4 f3+
60. Ke3 Kxd5 61. Rxf3 Kc4 62. Kd2 Rg2+ 63. Kc1 Kxb5 64. Kb1 Ka4 65. Rf4+ Ka5
66. Rf3 b5 67. Rb3 Ka4 68. Rf3 b4 69. Rh3 b3 70. Rh8 Kb4 71. Rb8+ Kc3 1/2-1/2

[Event "Liga Madrileña - DH 2015-2016"]
[Site "Madrid ESP"]
[Date "2016.02.14"]
[Round "10.26"]
[White "Alba Linero, Emilio"]
[Black "Rodrigo Yanguas, Maria"]
[Result "1-0"]
[WhiteElo "2155"]
[BlackElo "2111"]
[PlyCount "93"]
[EventDate "2015.11.22"]
[EventType "team-tourn"]
[EventRounds "14"]
[EventCountry "ESP"]
[Source "lmi"]
[SourceDate "2015.11.22"]
[WhiteTeam "Blanco y Negro"]
[BlackTeam "Virgen de Atocha"]
[WhiteTeamCountry "ESP"]
[BlackTeamCountry "ESP"]

1. e4 e6 2. d3 d5 3. Nd2 Nf6 4. Ngf3 Bc5 5. e5 Nfd7 6. d4 Be7 7. Bd3 c5 8. c3
Nc6 9. Bc2 Qb6 10. Nb3 a5 11. dxc5 Qc7 12. Bf4 Nxc5 13. O-O b6 14. Nbd4 Ba6 15.
Re1 b5 16. Rc1 O-O 17. Re3 f6 18. Nxc6 Qxc6 19. Nd4 Qe8 20. Rh3 g6 21. Rxh7
Kxh7 22. Qh5+ Kg7 23. Bh6+ Kg8 24. Bxg6 Rf7 25. c4 Bf8 26. Rc3 Ne4 27. Rh3 Rc8
28. Bxf7+ Qxf7 29. Qg4+ Ng5 30. exf6 Qg6 31. Bxg5 Qe4 32. f7+ Kxf7 33. Rf3+ Ke8
34. Qh5+ Kd7 35. Qf7+ Kd6 36. Bf4+ Kc5 37. Qa7+ Kxc4 38. h3 Bc5 39. Qxa6 Rg8
40. Qxb5+ Kxd4 41. Qa4+ Bb4 42. Qd1+ Kc5 43. Qc1+ Kb5 44. a4+ Ka6 45. Qc6+ Ka7
46. Be3+ Kb8 47. Ba7+ 1-0

[Event "Liga Madrileña - DH 2015-2016"]
[Site "Madrid ESP"]
[Date "2016.02.14"]
[Round "10.41"]
[White "Valles Moreno, Ivan"]
[Black "Vazquez Igarza, Renier"]
[Result "0-1"]
[WhiteElo "2427"]
[BlackElo "2565"]
[PlyCount "50"]
[EventDate "2015.11.22"]
[EventType "team-tourn"]
[EventRounds "14"]
[EventCountry "ESP"]
[Source "lmi"]
[SourceDate "2015.11.22"]
[WhiteTeam "Liberty Chess"]
[BlackTeam "Collado Villalba"]
[WhiteTeamCountry "ESP"]
[BlackTeamCountry "ESP"]

1. e4 c6 2. d4 d5 3. e5 Bf5 4. Nf3 e6 5. Be2 Nd7 6. O-O h6 7. Nbd2 Ne7 8. Nb3
Qc7 9. Bd2 g5 10. Rc1 a5 11. a4 Bg7 12. c4 O-O 13. Qe1 Qb6 14. Nxa5 Ng6 15. c5
Qc7 16. h3 f6 17. exf6 Nxf6 18. b4 g4 19. hxg4 Nxg4 20. g3 Be4 21. Qd1 Bxd4 22.
Kg2 Nh4+ 23. Kh3 Nxf3 24. Kxg4 Qf7 25. Kh3 Qh5+ 0-1

[Event "Liga Madrileña - DH 2015-2016"]
[Site "Madrid ESP"]
[Date "2016.02.14"]
[Round "10.42"]
[White "Moreno Ruiz, Javier"]
[Black "Perez Gonzalez, Jose Manuel"]
[Result "1/2-1/2"]
[WhiteElo "2435"]
[BlackElo "2340"]
[PlyCount "99"]
[EventDate "2015.11.22"]
[EventType "team-tourn"]
[EventRounds "14"]
[EventCountry "ESP"]
[Source "lmi"]
[SourceDate "2015.11.22"]
[WhiteTeam "Collado Villalba"]
[BlackTeam "Liberty Chess"]
[WhiteTeamCountry "ESP"]
[BlackTeamCountry "ESP"]

1. d4 Nf6 2. c4 e6 3. Nc3 Bb4 4. Qc2 Nc6 5. Nf3 O-O 6. Bd2 d6 7. a3 Bxc3 8.
Bxc3 Qe7 9. g3 e5 10. d5 Nb8 11. Bg2 Nh5 12. c5 f5 13. cxd6 cxd6 14. O-O f4 15.
Nxe5 dxe5 16. Bb4 Qf7 17. Bxf8 Qxf8 18. Rac1 Na6 19. d6 Qxd6 20. Rfd1 Qb6 21.
Bd5+ Be6 22. Qf5 Bxd5 23. Rxd5 Nf6 24. Rxe5 fxg3 25. hxg3 Qxb2 26. Rb1 Qxa3 27.
Rxb7 Qc1+ 28. Kh2 Nc7 29. Rc5 Qh6+ 30. Kg2 Nce8 31. e4 Qg6 32. Qxg6 hxg6 33. e5
Ne4 34. Ra5 a6 35. Rb6 Kf7 36. Raxa6 Rxa6 37. Rxa6 Nc5 38. Rc6 Nd3 39. f4 Nb4
40. Rc5 Ke6 41. Kf3 g5 42. Rc8 Kd7 43. Rb8 Nc6 44. Rb7+ Kc8 45. Rf7 gxf4 46.
gxf4 g5 47. Rf8 Kd7 48. fxg5 Nxe5+ 49. Ke4 Ng6 50. Rxe8 1/2-1/2

[Event "Liga Madrileña - DH 2015-2016"]
[Site "Madrid ESP"]
[Date "2016.02.14"]
[Round "10.43"]
[White "Gallardo Garcia, Andres"]
[Black "Reyes Larena, Juan"]
[Result "1/2-1/2"]
[WhiteElo "2327"]
[BlackElo "2447"]
[PlyCount "51"]
[EventDate "2015.11.22"]
[EventType "team-tourn"]
[EventRounds "14"]
[EventCountry "ESP"]
[Source "lmi"]
[SourceDate "2015.11.22"]
[WhiteTeam "Liberty Chess"]
[BlackTeam "Collado Villalba"]
[WhiteTeamCountry "ESP"]
[BlackTeamCountry "ESP"]

1. e4 e5 2. Nf3 Nc6 3. Bb5 a6 4. Bxc6 dxc6 5. O-O Bg4 6. h3 h5 7. d3 Qf6 8. Be3
Bxf3 9. Qxf3 Qxf3 10. gxf3 Bd6 11. Nd2 Ne7 12. Nc4 f6 13. Rfd1 c5 14. c3 Nc6
15. a3 b5 16. Nd2 Nd8 17. b4 Ne6 18. Nb3 cxb4 19. axb4 Kd7 20. Ra2 Kc8 21. Rda1
Kb7 22. Na5+ Kc8 23. Nb3 Kb7 24. Kf1 Rhf8 25. Na5+ Kc8 26. Nb3 1/2-1/2

[Event "Liga Madrileña - DH 2015-2016"]
[Site "Madrid ESP"]
[Date "2016.02.14"]
[Round "10.44"]
[White "Martin Duque, Jesus"]
[Black "Fernandez Garcia, Miguel Angel"]
[Result "1/2-1/2"]
[WhiteElo "2347"]
[BlackElo "2334"]
[PlyCount "104"]
[EventDate "2015.11.22"]
[EventType "team-tourn"]
[EventRounds "14"]
[EventCountry "ESP"]
[Source "lmi"]
[SourceDate "2015.11.22"]
[WhiteTeam "Collado Villalba"]
[BlackTeam "Liberty Chess"]
[WhiteTeamCountry "ESP"]
[BlackTeamCountry "ESP"]

1. e4 Nf6 2. e5 Nd5 3. c4 Nb6 4. d4 d6 5. exd6 cxd6 6. Nc3 g6 7. Be3 Bg7 8. Rc1
O-O 9. b3 Re8 10. Be2 Bd7 11. h3 e6 12. Nf3 Nc6 13. O-O d5 14. Qd2 dxc4 15.
bxc4 Ne7 16. Rfd1 Bc6 17. Qd3 Rc8 18. Ne4 Nf5 19. Bg5 f6 20. Bf4 e5 21. dxe5
Qxd3 22. Bxd3 fxe5 23. Bh2 Rcd8 24. Bc2 Rxd1+ 25. Rxd1 Nxc4 26. Bb3 b5 27. Ned2
Bxf3 28. Nxf3 Nd4 29. Kf1 Nxf3 30. gxf3 Bf6 31. a4 a6 32. axb5 axb5 33. Rd5 Kg7
34. Rxb5 Nd6 35. Rb6 Nf5 36. Bd5 Nd4 37. Be4 Ne6 38. Rb7+ Kh6 39. Rf7 Bg7 40.
h4 Rf8 41. Rxf8 Nxf8 42. f4 exf4 43. Bxf4+ Kh5 44. Bg5 Kg4 45. Kg2 h6 46. Bf3+
Kf5 47. Be3 Ne6 48. Bd1 g5 49. hxg5 hxg5 50. Bc2+ Kg4 51. Bg6 Nf4+ 52. Bxf4
Kxf4 1/2-1/2

[Event "Liga Madrileña - DH 2015-2016"]
[Site "Madrid ESP"]
[Date "2016.02.14"]
[Round "10.45"]
[White "Paredes Sanchez, Juan Antonio"]
[Black "Ortega Ruiz, Jose Miguel"]
[Result "1/2-1/2"]
[WhiteElo "2176"]
[BlackElo "2288"]
[PlyCount "96"]
[EventDate "2015.11.22"]
[EventType "team-tourn"]
[EventRounds "14"]
[EventCountry "ESP"]
[Source "lmi"]
[SourceDate "2015.11.22"]
[WhiteTeam "Liberty Chess"]
[BlackTeam "Collado Villalba"]
[WhiteTeamCountry "ESP"]
[BlackTeamCountry "ESP"]

1. e4 d5 2. exd5 Qxd5 3. Nf3 Nf6 4. d4 Bg4 5. Be2 e6 6. O-O Nc6 7. h3 Bh5 8.
Be3 O-O-O 9. Nbd2 h6 10. c4 Qd6 11. a3 g5 12. b4 g4 13. hxg4 Nxg4 14. Qa4 Nxe3
15. fxe3 Bxf3 16. Nxf3 Bg7 17. c5 Qg3 18. b5 Rhg8 19. Rf2 Nb8 20. Qxa7 Rd5 21.
Rc1 c6 22. Rb1 Rd7 23. bxc6 Nxc6 24. Qb6 Bf6 25. Ba6 Qc7 26. Qxc7+ Rxc7 27.
Rxb7 Rxb7 28. Rb2 Na5 29. c6 Kb8 30. Bxb7 Kc7 31. Nd2 Be7 32. a4 Nxc6 33. Bxc6
Kxc6 34. Nc4 Kd5 35. Nd2 Ra8 36. Rb7 Bg5 37. Kf2 Rxa4 38. Rd7+ Kc6 39. Rxf7 Ra2
40. Ke2 Ra3 41. Rf3 Ra2 42. Kd3 Ra3+ 43. Ke2 Ra2 44. g4 Kd5 45. Kd3 Ra3+ 46.
Ke2 Ra2 47. Kd3 Ra3+ 48. Ke2 Ra2 1/2-1/2

[Event "Liga Madrileña - DH 2015-2016"]
[Site "Madrid ESP"]
[Date "2016.02.14"]
[Round "10.46"]
[White "Cao Armillas, Jesus"]
[Black "Hinojar Diez, David"]
[Result "1-0"]
[WhiteElo "2087"]
[BlackElo "2133"]
[PlyCount "76"]
[EventDate "2015.11.22"]
[EventType "team-tourn"]
[EventRounds "14"]
[EventCountry "ESP"]
[Source "lmi"]
[SourceDate "2015.11.22"]
[WhiteTeam "Collado Villalba"]
[BlackTeam "Liberty Chess"]
[WhiteTeamCountry "ESP"]
[BlackTeamCountry "ESP"]

1. d4 d5 2. c4 c6 3. Nf3 Nf6 4. Nc3 dxc4 5. a4 Bf5 6. Ne5 Nbd7 7. Nxc4 Nb6 8.
Ne5 a5 9. f3 Nfd7 10. Nxd7 Bxd7 11. e4 e6 12. Be3 Bb4 13. Be2 O-O 14. O-O Qe7
15. Na2 Bd6 16. Qb3 Qd8 17. Rac1 Bc7 18. Nc3 Nc8 19. f4 Bb6 20. Bf3 Ne7 21. Bf2
Kh8 22. Rfd1 Bc7 23. g3 Qb8 24. d5 exd5 25. exd5 cxd5 26. Nxd5 Be6 27. Qc2 Nxd5
28. Bxd5 Bxd5 29. Rxd5 Bd6 30. Bd4 Kg8 31. Rg5 g6 32. Rb5 Ra6 33. Qe4 Re8 34.
Qxb7 Qxb7 35. Rxb7 Bb4 36. Rcc7 Rd6 37. Be5 Rd1+ 38. Kf2 f6 1-0

[Event "Liga Madrileña - DH 2015-2016"]
[Site "Madrid ESP"]
[Date "2016.02.14"]
[Round "10.31"]
[White "Aranda Marin, Cristian"]
[Black "Roa Alonso, Santiago"]
[Result "1-0"]
[WhiteElo "2352"]
[BlackElo "2380"]
[PlyCount "48"]
[EventDate "2015.11.22"]
[EventType "team-tourn"]
[EventRounds "14"]
[EventCountry "ESP"]
[Source "lmi"]
[SourceDate "2015.11.22"]
[WhiteTeam "San Fernando de Henares"]
[BlackTeam "Vallecas CDV"]
[WhiteTeamCountry "ESP"]
[BlackTeamCountry "ESP"]

1. d4 d5 2. c4 e6 3. Nf3 Nf6 4. g3 Bb4+ 5. Bd2 Be7 6. Qc2 O-O 7. Bg2 c6 8. O-O
Nbd7 9. Rd1 b6 10. Bf4 Ba6 11. Nbd2 Nh5 12. Ne5 Nxf4 13. gxf4 Nxe5 14. dxe5 Bb4
15. Qa4 Bxd2 16. Rxd2 Bxc4 17. Qxc6 Qh4 18. e3 Rfc8 19. Qa4 a5 20. Rc1 Bxa2 21.
Rxc8+ Rxc8 22. Rc2 Bc4 23. b3 Qh5 24. Rc1 g5 1-0